| 000 | 00493nam a2200121Ia 4500 | ||
|---|---|---|---|
| 008 | 171212s9999 xx 000 0 und d | ||
| 020 | _a9780833094148 | ||
| 100 | _aJahedi, Salar;Wenger, Jennie W.;Yeung, Douglas | ||
| 245 |
_cJahedi, Salar;Wenger, Jennie W.;Yeung, Douglas _aSearching for Information Online _bUsing Big Data to Identify the Concerns of Potential Army Recruits |
||
| 260 |
_bRAND Corporation _c2016 |
||
| 650 | _aBusiness | ||
| 856 | _uhttp://jstor.org/stable/10.7249/j.ctt1b67wpk | ||
| 999 |
_c352517 _d352517 |
||